000 01170nam a22002537a 4500
005 20170124103124.0
010 _aB-241913
020 _c160.00
_a8181970209
035 _aB-241913
037 _bCen Lib/Ret
040 _aDPL
_bHN
082 _a822.08
_bमाथुर
100 _aमाथुर, जगदीशचन्द्र
_9130
245 _aपरम्पराशील नाट्य /
_cजगदीशचन्द्र माथुर
246 _aPramprasheel natya
_bby Jahdishchandra Mathur
260 _aनई दिल्ली
_bराष्ट्रीय नाट्य विद्यालय
_c2006
270 _aबहावलपुर हाउस
_bनई दिल्ली
_e110001
300 _a183पृष्ठ.
_c21सेमी(सजिल्द)
650 _aहिंदी साहित्य
_982599
650 _aनाट्य परम्परा की सामान्य विशेषताएं
_982600
650 _aHindi literature
_982601
650 _aThe general characteristics of the theatrical tradition
_982602
942 _2ddc
_cHN
_h822.08
_mमाथुर
999 _c118938
_d118938